APEC Schools

How your brain works : (Record no. 5256)

000 -LEADER
fixed length control field nam a22 7a 4500
005 - DATE AND TIME OF LATEST TRANSACTION
control field 20181001080949.0
008 - FIXED-LENGTH DATA ELEMENTS--GENERAL INFORMATION
fixed length control field 180614b xxu||||| |||| 00| 0 eng d
020 ## - IDENTIFIER FOR THE MANIFESTATION
Identifier for the Manifestation 9781473662995
Binding paperback
040 ## - CATALOGING SOURCE
Language of Cataloging eng
Transcribing Agency APEC Schools Library
Description Conventions rda
082 ## - DEWEY DECIMAL CLASSIFICATION NUMBER
Classification number C 612.82
Author's Number H830g 2017
245 ## - TITLE AND STATEMENT OF RESPONSIBILITY
Preferred Title Proper How your brain works :
Remainder of Title Inside the most complicated object in the known universe /
Statement of Responsibility/Parallel Statement of Responsibility Alison George, Editor-in-chief
264 ## - PUBLICATION STATEMENT
Place of publication, distribution, etc London, UK :
Publisher's Name/Parallel Publisher's Name John Murray Learning,
Copyright ©2017.
Date of Publication [2017].
300 ## - PHYSICAL DESCRIPTION
Extent xiv, 226 pages :
Illustrative Content illustrations
Dimensions 22 cm
336 ## - RDA CONTENT
Source rdacontent
Content Type text
337 ## - RDA MEDIA
Source rdamedia
Media Type unmediated
338 ## - RDA CARRIER
Source rdacarrier
Carrier Type volume
504 ## - BIBLIOGRAPHY, ETC. NOTE
Bibliography, etc Includes index
505 #0 - CONTENTS
Related Work = Contents Welcome to your brain -- Memory -- Intelligence -- Emotions -- Sensation and perception -- Consciousness -- Ages and sexes of the brain -- Sleep -- Technology to improve your brain -- Make the most of it.
520 2# - SUMMARIZATION OF THE CONTENT
Summarization of the Content In How Your Brain Works leading neuroscientists and New Scientist introduce the evolution and anatomy of the brain viewed through traits such as: memory, emotions, sleep, sensing and perception.
650 #0 - ADDED SUBJECT ACCESS POINT - TOPICAL TERM
Topical Term Brain.
650 #0 - ADDED SUBJECT ACCESS POINT - TOPICAL TERM
Topical Term Thought and thinking.
942 ## - ADDED ENTRY ELEMENTS (KOHA)
Source of Classification
Koha Item Type Books
Holdings
Library Site Location Shelving Location Source of Acquisition Full Classification Number Accession Number Koha Item Type
APEC Calumpang Library APEC Calumpang Library Circulation Institutional Fund C 612.82 H830g 2017 B10-0000117 Non Fiction

Powered by Koha